|
|
|
|
| LEADER |
01101naa a2200205 i 4500 |
| 001 |
acta82669 |
| 005 |
20231213102954.0 |
| 008 |
231213s2023 hu o 1|| hun d |
| 040 |
|
|
|a SZTE Egyetemi Kiadványok Repozitórium
|b hun
|
| 041 |
|
|
|a hun
|
| 100 |
1 |
|
|a Sebők Ákos
|
| 245 |
1 |
2 |
|a A különböző menekült csoportokkal szembeni szociális távolságtartás a nemzeti csoporttal való azonosulás tükrében - erőforráselosztási helyzetek vizsgálatán keresztül
|h [elektronikus dokumentum] :
|b [absztrakt] /
|c Sebők Ákos
|
| 260 |
|
|
|c 2023
|
| 300 |
|
|
|a 105-106
|
| 490 |
0 |
|
|a Móra Kárpát-medencei Interdiszciplináris Szakkollégiumi Konferencia
|v 7
|
| 650 |
|
4 |
|a Társadalomtudományok
|
| 650 |
|
4 |
|a Szociológia
|
| 695 |
|
|
|a Migráció - Magyarország - előadáskivonat, Bevándorlók helyzete - Magyarország - előadáskivonat, Társadalmi beilleszkedés - előadáskivonat
|
| 711 |
|
|
|a VII. Móra Kárpát-medencei Interdiszciplináris Szakkollégiumi Konferencia
|c Szeged
|d 2023. november 17-19.
|
| 856 |
4 |
0 |
|u http://acta.bibl.u-szeged.hu/82669/1/morakonf_2023_105-106.pdf
|z Dokumentum-elérés
|